00594nam a2200169 i 450000100060000000300090000600500170001500700030003200800410003510000400007624500510011626000530016730000330022085200320025399900170028595201220030262777ES-MaACL20230906164727.0t|031125s1970 sp ||||1| spa d1 aFernández Maside, Antonio.94991813aLa Giralda cree en Dios / cAntonio F. Maside. aSevilla : b[Ed. Católica Española], c1970. a322 p., 21 lám. ; c19 cm. aES-MaACLjC-44871 bR.72545 c62777d62777 00104070aATENEOMbATENEOMcDEPO2d2008-01-17eSCl0oC-44871p1065808r2023-02-23 00:00:00w2023-02-23yMONOGRAFIA